Elden Ring Weapons - Statistics

General Stats
  • This quiz has been taken 10 times
  • The average score is 34 of 407
Answer Stats
Hint Answer % Correct
Dagger Dagger
75%
Colossal Sword Greatsword
63%
Curved Greatsword Bloodhound's Fang
50%
Beast Claw (DLC) Beast Claw
38%
Dagger Black Knife
38%
Greatsword Blasphemous Blade
38%
Straight Sword Broadsword
38%
Great Katana (DLC) Dragon-Hunter's Great Katana
38%
Twinblade Godskin Peeler
38%
Heavy Thrusting Sword Godskin Stitcher
38%
Great Katana (DLC) Great Katana
38%
Hammer Hammer
38%
Katana Hand of Malenia
38%
Perfume Bottle (DLC) Lightning Perfume Bottle
38%
Katana Nagakiba
38%
Dagger Reduvia
38%
Torch Torch
38%
Katana Uchigatana
38%
Thrusting Sword Antspur Rapier
25%
Colossal Weapon Axe of Godfrey
25%
Greataxe Axe of Godrick
25%
Backhand Blade (DLC) Backhand Blade
25%
Dagger Blade of Calling
25%
Colossal Weapon (DLC) Bloodfiend's Arm
25%
Dagger Bloodstained Dagger
25%
Great Hammer Brick Hammer
25%
Greatsword Claymore
25%
Hand-To-Hand Arts (DLC) Dane's Footwork
25%
Greatsword Dark Moon Greatsword
25%
Sacred Seal Dragon Communion Seal
25%
Dagger Erdsteel Dagger
25%
Sacred Seal Erdtree Seal
25%
Sacred Seal Finger Seal
25%
Perfume Bottle (DLC) Firespark Perfume Bottle
25%
Torch Ghostflame Torch
25%
Colossal Weapon Giant-Crusher
25%
Sacred Seal Golden Order Seal
25%
Halberd Halberd
25%
Fist Iron Ball
25%
Great Spear Lance
25%
Light Greatsword (DLC) Leda's Sword
25%
Bow Longbow
25%
Straight Sword Longsword
25%
Greatsword Lordsworn's Greatsword
25%
Dagger Miséricorde
25%
Thrusting Sword Noble's Estoc
25%
Straight Sword Noble's Slender Sword
25%
Dagger Parrying Dagger
25%
Great Katana (DLC) Rakshasa's Great Katana
25%
Katana Rivers of Blood
25%
Straight Sword Short Sword
25%
Backhand Blade (DLC) Smithscript Cirque
25%
Throwing Blade (DLC) Smithscript Dagger
25%
Katana (DLC) Sword of Night
25%
Straight Sword Sword of Night and Flame
25%
Whip Thorned Whip
25%
Spear Torchpole
25%
Whip Whip
25%
Colossal Sword Zweihander
25%
Glintsone Staff Albinauric Staff
13%
Crossbow Arbalest
13%
Glintsone Staff Astrologer's Staff
13%
Curved Sword Bandit's Curved Sword
13%
Greatsword Banished Knight's Greatsword
13%
Flail Bastard's Stars
13%
Greatsword Bastard Sword
13%
Great Hammer Beastclaw Greathammer
13%
Torch Beast-Repellent Torch
13%
Bow Black Bow
13%
Heavy Thrusting Sword Bloody Helice
13%
Spear Bolt of Gransax
13%
Fist Caestus
13%
Glintsone Staff Carian Glintstone Staff
13%
Thrusting Shield (DLC) Carian Thrusting Shield
13%
Axe Celebrant's Cleaver
13%
Spear Celebrant's Rib-Rake
13%
Dagger Celebrant's Sickle
13%
Perfume Bottle (DLC) Chilling Perfume Bottle
13%
Fist Cipher Pata
13%
Sacred Seal Clawmark Seal
13%
Thrusting Sword Cleanrot Knight's Sword
13%
Hammer Club
13%
Halberd Commander's Standard
13%
Dagger Crystal Knife
13%
Backhand Blade (DLC) Curseblade's Cirque
13%
Greatsword Death's Poker
13%
Great Hammer Devourer's Scepter
13%
Heavy Thrusting Sword Dragon King's Cragblade
13%
Katana Dragonscale Blade
13%
Sacred Seal (DLC) Dryleaf Seal
13%
Thrusting Shield (DLC) Dueling Shield
13%
Bow Erdtree Bow
13%
Thrusting Sword Estoc
13%
Twinblade (DLC) Euporia
13%
Curved Sword (DLC) Falx
13%
Colossal Sword (DLC) Fire Knight's Greatsword
13%
Dagger (DLC) Fire Knight's Shortsword
13%
Flail Flail
13%
Greatsword Forked Greatsword
13%
Axe Forked Hatchet
13%
Sacred Seal Frenzied Flame Seal
13%
Perfume Bottle (DLC) Frenzyflame Perfume Bottle
13%
Thrusting Sword Frozen Needle
13%
Glintsone Staff Gelmir Glintstone Staff
13%
Whip Giant's Red Braid
13%
Sacred Seal Giant's Seal
13%
Dagger Glintstone Kris
13%
Glintsone Staff Glintstone Staff
13%
Sacred Seal Godslayer's Seal
13%
Halberd Golden Halberd
13%
Greatsword Golden Order Greatsword
13%
Colossal Sword Grafted Blade Greatsword
13%
Greatbow Greatbow
13%
Heavy Thrusting Sword Great Épée
13%
Dagger Great Knife
13%
Greatsword (DLC) Greatsword of Damnation
13%
Axe Hand Axe
13%
Ballista Hand Ballista
13%
Crossbow Heavy Crossbow
13%
Greatsword Helphen's Steeple
13%
Claw Hookclaws
13%
Whip Hoslow's Petal Whip
13%
Greatbow (DLC) Igon's Greatbow
13%
Greatsword Inseparable Sword
13%
Spear Iron Spear
13%
Dagger Ivory SIckle
13%
Ballista Jar Cannon
13%
Fist Katar
13%
Crossbow Light Crossbow
13%
Greatbow Lion Greatbow
13%
Fist (DLC) Madding Hand
13%
Curved Sword Magma Blade
13%
Dagger (DLC) Main-gauche
13%
Hammer Marika's Hammer
13%
Katana Meteoric Ore Blade
13%
Light Greatsword (DLC) Milady
13%
Great Spear Mohgwyn's Sacred Spear
13%
Katana Moonveil
13%
Tool Omen Bairn
13%
Spear Partisan
13%
Fist (DLC) Pata
13%
Halberd Pest's Glaive
13%
Great Hammer Pickaxe
13%
Fist (DLC) Poisoned Hand
13%
Glintsone Staff Prince of Death's Staff
13%
Ballista (DLC) Rabbath's Cannon
13%
Thrusting Sword Rapier
13%
Beast Claw (DLC) Red Bear's Claw
13%
Light Greatsword (DLC) Rellana's Twin Blades
13%
Crossbow (DLC) Repeating Crossbow
13%
Hammer Ringed Finger
13%
Thrusting Sword Rogier's Rapier
13%
Colossal Sword Royal Greatsword
13%
Greataxe Rusted Anchor
13%
Greatsword Sacred Relic Sword
13%
Torch Sentry's Torch
13%
Katana Serpentbone Blade
13%
Great Spear Serpent-Hunter
13%
Curved Sword Shamshir
13%
Light Bow Shortbow
13%
Spear Short Spear
13%
Curved Sword Shotel
13%
Great Spear Siluria's Tree
13%
Spear Spear
13%
Great Spear (DLC) Spear of the Impaler
13%
Fist Spiked Caestus
13%
Spear Spiked Spear
13%
Glintsone Staff Staff of Loss
13%
Fist Star Fist
13%
Katana (DLC) Star-Lined Sword
13%
Colossal Sword Starscourge Greatsword
13%
Torch Steel-Wire Torch
13%
Axe Stormhawk Axe
13%
Torch St Trina's Torch
13%
Heavy Thrusting Sword (DLC) Sword Lance
13%
Straight Sword (DLC) Sword of Light
13%
Straight Sword Sword of St Trina
13%
Whip (DLC) Tooth Whip
13%
Great Spear Treespear
13%
Colossal Sword Troll Knight's Sword
13%
Colossal Sword Troll's Golden Sword
13%
Twinblade Twinblade
13%
Whip Urumi
13%
Straight Sword (DLC) Velvet Sword of St Trina
13%
Great Spear Vyke's War Spear
13%
Dagger Wakizashi
13%
Axe Warped Axe
13%
Colossal Sword Watchdog's Greatsword
13%
Straight Sword Weathered Straight Sword
13%
Greataxe Winged Greathorn
13%
Reaper Winged Scythe
13%
Tool Wraith Calling Bell
13%
Glintsone Staff Academy Glintstone Staff
0%
Greatsword Alabaster Lord's Sword
0%
Bow Albinauric Bow
0%
Tool Ancestral Infant's Head
0%
Colossal Sword (DLC Ancient Meteoric Ore Greatsword
0%
Bow (DLC) Ansbach's Longbow
0%
Colossal Weapon (DLC) Anvil Hammer
0%
Glintsone Staff Azur's Glintstone Staff
0%
Halberd Banished Knight's Halberd
0%
Great Spear (DLC) Barbed Staff-Spear
0%
Axe Battle Axe
0%
Great Hammer Battle Hammer
0%
Curved Greatsword Beastman's Cleaver
0%
Curved Sword Beastman's Curved Sword
0%
Great Hammer (DLC) Black Steel Greathammer
0%
Twinblade (DLC) Black Steel Twinblade
0%
Spear (DLC) Bloodfiend's Fork
0%
Great Spear (DLC) Bloodfiend's Sacred Spear
0%
Claw Bloodhound Claws
0%
Light Bow (DLC) Bone Bow
0%
Greataxe (DLC) Bonny Butchering Knife
0%
Greataxe Butchering Knife
0%
Straight Sword Cane Sword
0%
Straight Sword Carian Knight's Sword
0%
Glintsone Staff Carian Regal Scepter
0%
Thrusting Sword (DLC) Carian Sorcery Sword
0%
Glintsone Staff Cariant Glintblade Staff
0%
Great Hammer Celebrant's Skull
0%
Crossbow Cerpus's Black-Key Crossbow
0%
Flail Chainlink Flail
0%
Dagger Cinquedea
0%
Claw (DLC) Claws of Night
0%
Spear Clayman's Harpoon
0%
Spear Cleanrot Spear
0%
Fist Clinging Bone
0%
Straight Sword Coded Sword
0%
Light Bow Composite Bow
0%
Great Hammer Cranial Vessel Candlestand
0%
Greataxe Crescent Moon Axe
0%
Spear Cross-Naginata
0%
Spear Crystal Spear
0%
Glintsone Staff Crystal Staff
0%
Straight Sword Crystal Sword
0%
Hammer Curved Club
0%
Great Hammer Curved Great Club
0%
Curved Sword (DLC) Dancing Blade of Ranah
0%
Perfume Bottle (DLC) Deadly Poison Perfume Bottle
0%
Greataxe (DLC) Death Knight's Longhaft Axe
0%
Axe (DLC) Death Knight's Twin Axes
0%
Spear Death Ritual Spear
0%
Glintsone Staff Demi-Human Queen's Staff
0%
Colossal Weapon (DLC) Devonia's Hammer
0%
Glintsone Staff Digger's Staff
0%
Curved Greatsword Dismounter
0%
Colossal Weapon Dragon Greatclaw
0%
Halberd Dragon Halberd
0%
Hand-To-Hand Arts (DLC) Drylead Arts
0%
Colossal Weapon Duelist Greataxe
0%
Curved Sword Eclipse Shotel
0%
Twinblade Eleonara's Poleblade
0%
Colossal Weapon Envoy's Greathorn
0%
Hammer Envoy's Horn
0%
Great Hammer Envoy's Long Horn
0%
Greatbow Erdtree Greatbow
0%
Greataxe Executioner's Greataxe
0%
Curved Sword Falchion
0%
Colossal Weapon Fallingstar Beast Jaw
0%
Flail Family heads
0%
Sacred Seal (DLC) Fire Knight's Seal
0%
Greatsword Flamberge
0%
Hammer (DLC) Flowerstone Gavel
0%
Curved Sword Flowing Curved Sword
0%
Axe (DLC) Forked-Tongue Hatched
0%
Curved Greatsword (DLC) Freyja's Greatsword
0%
Crossbow Full Moon Crossbow
0%
Greataxe Gargoyle's Black Axe
0%
Greatsword Gargoyle's Blackblade
0%
Twinblade Gargoyle's Black Blades
0%
Halberd Gargoyle's Black Halberd
0%
Greataxe Gargoyle's Great Axe
0%
Greatsword Gargoyle's Greatsword
0%
Halberd Gargoyle's Halberd
0%
Twinblade Gargoyle's Twinblade
0%
Colossal Weapon (DLC) Gazing Finger
0%
Colossal Weapon Ghiza's Wheel
0%
Halberd Glaive
0%
Colossal Sword Godslayer's Greatsword
0%
Straight Sword Golden Epitaph
0%
Fist (DLC) Golem Fist
0%
Greatbow Golem Greatbow
0%
Colossal Weapon Golem's Halberd
0%
Fist Grafted Dragon
0%
Sacred Seal Gravel Stone Seal
0%
Reaper Grave Scythe
0%
Greataxe Greataxe
0%
Colossal Weapon Great Club
0%
Great Hammer Greathorn Hammer
0%
Great Hammer Great Mace
0%
Greataxe Great Omenkiller Cleaver
0%
Great Hammer Great Stars
0%
Colossal Sword (DLC) Greatsword of Radahn (Light)
0%
Colossal Sword (DLC) Greatsword of Radahn (Lord)
0%
Greatsword (DLC) Greatsword of Solitude
0%
Curved Sword Grossmesser
0%
Halberd Guardian's Swordspear
0%
Reaper Halo Scythe
0%
Light Bow Harp Bow
0%
Axe Highland Axe
0%
Bow Horn Bow
0%
Curved Greatsword (DLC) Horned Warrior's Greatsword
0%
Curved Sword (DLC) Horned Warrior's Sword
0%
Axe Icerind Hatchet
0%
Spear Inquisitor's Girandole
0%
Axe Iron Cleave
0%
Greatsword Iron Greatsword
0%
Axe Jawbone Axe
0%
Greatsword Knight's Greatsword
0%
Torch (DLC) Lamenting Visage
0%
Great Hammer Large Club
0%
Straight Sword Lazuli Glintstone Sword
0%
Greatsword (DLC) Lizard Greatsword
0%
Greataxe Longhaft Axe
0%
Straight Sword Lordsworn's Straight Sword
0%
Halberd Loretta's War Sickler
0%
Halberd Lucerne
0%
Glintsone Staff Lusat's Glintstone Staff
0%
Hammer Mace
0%
Whip Magma Whip Candlestick
0%
Curved Greatsword Magma Wyrm's Scalesword
0%
Colossal Sword Maliketh's Black Blade
0%
Curved Sword Mantis Blade
0%
Glintsone Staff (DLC) Maternal Staff
0%
Greatsword Merais Executioner's Sword
0%
Axe (DLC) Messmer Soldier's Axe
0%
Great Spear (DLC) Messmer Soldier's Spear
0%
Glintsone Staff Meteoric Staff
0%
Straight Sword Miquellan Knight's Sword
0%
Tool Miranda's Prayer
0%
Light Bow Misbegotten Bow
0%
Curved Greatsword Monk's Flameblade
0%
Hammer Monk's Flamemace
0%
Colossal Sword (DLC) Moonrithyll's Knight Sword
0%
Curved Greatsword Morgott's Cursed Sword
0%
Hammer Morning Star
0%
Torch (DLC) Nanaya's Torch
0%
Flail Nightrider Flail
0%
Halberd Nightrider Glaive
0%
Hammer Nox Flowing Hammer
0%
Curved Sword Nox Flowing Sword
0%
Reaper (DLC) Obsidian Lamina
0%
Curved Greatsword Omen Cleaver
0%
Curved Greatsword Onyx Lord's Greatsword
0%
Greatsword Ordovis's Greatsword
0%
Straight Sword Ornamental Straight Sword
0%
Spear Pike
0%
Halberd (DLC) Poleblade of the Bud
0%
Colossal Weapon Prelate's Inferno Crozier
0%
Bow Pulley Bow
0%
Crossbow Pulley Crossbow
0%
Greataxe (DLC) Putrescent Cleaver
0%
Heavy Thrusting Sword (DLC) Queelign's Greatsword
0%
Claw Raptor Talons
0%
Light Bow Red Branch Bow
0%
Straight Sword Regalia of Eochaid
0%
Tool Regal Omen Bairn
0%
Axe Ripple Blade
0%
Halberd Ripple Crescent Halberd
0%
Axe Rosus' Axe
0%
Great Hammer Rotten Battle Hammer
0%
Spear Rotten Crystal Spear
0%
Glintsone Staff Rotten Crystal Staff
0%
Straight Sword Rotten Crystal Sword
0%
Colossal Weapon Rotten Greataxe
0%
Colossal Weapon Rotten Staff
0%
Colossal Sword Ruins Greatsword
0%
Axe Sacrificial Axe
0%
Curved Sword Scavenger's Curved Sword
0%
Hammer Scepter of the All-Knowing
0%
Curved Sword Scimitar
0%
Dagger Scorpion's Stinger
0%
Reaper Scythe
0%
Bow Serpent Bow
0%
Flail (DLC) Serpent Flail
0%
Curved Sword Serpent-God's Curved Sword
0%
Colossal Weapon (DLC) Shadow Sunflower Blossom
0%
Axe (DLC) Smithscript Axe
0%
Great Hammer (DLC) Smithscript Greathammer
0%
Spear (DLC) Smithscript Spear
0%
Crossbow Soldier's Crossbow
0%
Hammer Spiked Club
0%
Sacred Seal (DLC) Spiraltree Seal
0%
Halberd (DLC) Spirit Glaive
0%
Curved Sword (DLC) Spirit Sword
0%
Crossbow (DLC) Spread Crossbow
0%
Colossal Weapon Staff of the Avatar
0%
Glintsone Staff (DLC) Staff of the Great Beyond
0%
Glintsone Staff Staff of the Guilty
0%
Hammer Stone Club
0%
Straight Sword (DLC) Stone-Sheathed Sword
0%
Spear (DLC) Swift Spear
0%
Straight Sword (DLC) Sword of Darkness
0%
Greatsword Sword of Milos
0%
Fist (DLC) Thiollier's Hidden Needle
0%
Colossal Weapon Troll's Hammer
0%
Twinblade Twinned Knight Swords
0%
Hammer Varre's Bouquet
0%
Claw Venomous Fang
0%
Fist Veteran's Prosthesis
0%
Halberd Vulgar Militia Saw
0%
Halberd Vulgar Militia Shotel
0%
Straight Sword Warhawk's Talon
0%
Hammer Warpick
0%
Colossal Weapon Watchdog's Staff
0%
Curved Sword Wing of Astel
0%
Curved Greatsword Zamor Curved Sword
0%
No matching quizzes found
Score Distribution
Percent of People with Each Score
Percentile by Number Answered
Your Score History
You have not taken this quiz